Madrid Airport (MAD) Destinations - Statistics

General Stats
  • This quiz has been taken 1,178 times
    643 since last reset
  • The average score is 131 of 206
Answer Stats
Companies Destinations % Correct
Air Europa | Iberia | Vueling Barcelona
94%
Air Europa | British Airways | easyJet | Iberia Express London-Gatwick
94%
British Airways | Iberia London-Heathrow
94%
Ryanair London-Stansted
94%
Air Europa | American Airlines | Delta Air Lines | Iberia New York-JFK
93%
Aer Lingus | Iberia Express | Ryanair Dublin
92%
Air Europa | Iberia | ITA Airways | Ryanair | Wizz Air Rome-Fiumicino
92%
Air Europa | easyJet | Iberia | Iberia Regional | Ryanair | TAP Portugal Lisbon
91%
Iberia | Norwegian Air Shuttle Oslo
91%
Air France | easyJet | Iberia Express | Vueling Paris-Charles de Gaulle
91%
Air Europa | Iberia | Transavia France Paris-Orly
91%
Air Europa | Iberia | KLM Amsterdam
90%
ITA Airways Milan-Linate
90%
Air Europa | Iberia | Ryanair Milan-Malpensa
90%
Aegean Airlines | Air Europa | Iberia Athens
89%
Emirates Dubai
89%
Finnair Helsinki
89%
Aeroméxico | Iberia Mexico City
89%
Air Europa | Iberia | Iberia Regional | Ryanair Porto
89%
Iberia | Ryanair Berlin
88%
Air Europa | Brussels Airlines | Iberia | Ryanair Brussels
88%
EgyptAir | Iberia Cairo
88%
Iberia Los Angeles
88%
Iberia | LATAM Chile Santiago de Chile
88%
Iberia Express | Ryanair Santiago de Compostela
88%
Cubana de Aviación Santiago de Cuba
88%
Iberia Stockholm-Arlanda
88%
Air Europa | Iberia | Iberia Regional | Swiss Zürich
88%
Aerolíneas Argentinas | Air Europa | Iberia Buenos Aires-Ezeiza
87%
Iberia Express | Ryanair Manchester
87%
Air Europa | American Airlines | Iberia Miami
87%
Iberia Moscow-Domodedovo
87%
Aeroflot Moscow-Sheremetyevo
87%
Iberia | Ryanair | Wizz Air Budapest
86%
Turkish Airlines Istanbul
86%
Pegasus Airlines Istanbul-Sabiha Gökçen
86%
Air Europa | Iberia | Lufthansa Münich
86%
Iberia Rio de Janeiro-Galeão
86%
Air China Beijing-Capital
85%
Ryanair | SkyUp | Ukraine International Airlines Kiev-Boryspil
85%
Wizz Air Kiev-Zhuliany
85%
Iberia | Ryanair Vienna
85%
LOT | Wizz Air Warsaw-Chopin
85%
Ryanair Warsaw-Modlin
85%
Iberia Regional | Royal Air Maroc Casablanca
84%
Air Europa | Iberia | LATAM Perú | Plus Ultra Líneas Aéreas Lima
84%
Air China | Air Europa | Iberia | LATAM Brasil São Paulo-Guarulhos
84%
Iberia | Iberia Express | Iberia Regional Seville
84%
Etihad Airways Abu Dhabi
83%
Air Europa | Avianca | Iberia Bogotá
83%
Blue Air | Ryanair | TAROM | Wizz Air Bucharest
83%
Air Europa | Iberia | Iberia Regional | Lufthansa Frankfurt
83%
easyJet | Iberia | Swiss Geneva
83%
Iberia Express | Iberia Regional Lyon
83%
Iberia Express | Ryanair Copenhagen
82%
Qatar Airways Doha
82%
Iberia Regional | Ryanair Marseille
82%
Air Canada Toronto-Pearson
82%
Air Europa | Iberia Bilbao
81%
Iberia Express | Ryanair Naples
81%
Iberia Express | Iberia Regional Nice
81%
Czech Airlines | Iberia | Ryanair Prague
81%
Air Europa | Tunisair Tunis
81%
Air Europa | Iberia Regional Valencia
81%
Royal Air Maroc | Ryanair Rabat
80%
Bulgaria Air | Ryanair | Wizz Air Sofia
80%
Air Serbia Belgrade
79%
Air Europa | Iberia Express | Iberia Regional | Ryanair Palma de Mallorca
79%
Iberia | Ryanair Venice
79%
Iberia | United Airlines Washington-Dulles
79%
Iberia Zagreb
79%
Iberia Boston
78%
Iberia Chicago-O'Hare
78%
easyJet | Ryanair Edinburgh
78%
Iberia Hamburg
78%
Air Europa | Cubana de Aviación | Iberia | Iberojet | World2fly Havana
78%
Air Europa | Iberia Express | Iberia Regional Málaga
78%
Air Algérie | Iberia Regional Algiers
77%
Air Europa | Iberojet | Wamos Air | World2fly Cancún
77%
American Airlines | Iberia Dallas/Fort Worth
77%
Air Europa | El Al | Iberia Tel Aviv
77%
Delta Air Lines Atlanta
76%
Air Europa | Iberia | Plus Ultra Líneas Aéreas Caracas
76%
Air Transat Montréal-Trudeau
76%
Iberia San Francisco
76%
Air Europa | Iberia Express | Iberia Regional | Ryanair | Vueling Ibiza
75%
airBaltic Riga
75%
Saudia Riyadh
75%
Air Europa | Iberia Express | Ryanair Tenerife-North
75%
Iberia Express | Ryanair Tenerife-South
75%
Cathay Pacific Hong Kong
74%
Ryanair Palermo
74%
Iberia Express | Icelandair | PLAY Reykjavik-Keflavik
74%
Iberia Saint Petersburg
74%
Korean Air Seoul-Incheon
74%
Iberia Shanghai-Pudong
73%
Iberia Düsseldorf
72%
Air Europa | Iberia Panama City-Tocumen
72%
Air Europa | Iberia | Plus Ultra Líneas Aéreas Quito
72%
Iberia Regional | Ryanair Turin
72%
Iberia Regional | Ryanair | Volotea Bordeaux
71%
easyJet Liverpool
71%
Air Europa | Iberia Regional Marrakesh
71%
Air Europa | Iberia Regional Alicante
70%
Ryanair Birmingham
70%
Iberia | Vueling Florence
70%
Ryanair Kraków
70%
Iran Air Tehran-Imam Khomeini
70%
Royal Jordanian | Ryanair Amman-Queen Alia
69%
Luxair | Ryanair Luxembourg
69%
Iberia | Iberojet San José
69%
Iberia Regional | Volotea Toulouse
69%
Air Europa | Iberia Montevideo
68%
Ryanair Cologne/Bonn
67%
Air Europa | Iberia Santo Domingo-Las Américas
67%
Saudia Jeddah
66%
Aeroméxico Guadalajara
65%
MEA Middle East Airlines Beirut
63%
Air Europa | Avianca Medellín-JMC
63%
American Airlines Philadelphia
63%
Iberia Express | Iberia Regional | Ryanair | Vueling Menorca
62%
Wizz Air Tirana
62%
Ryanair Bari
61%
Air Europa | Iberia | Iberia Express | Ryanair Gran Canaria
60%
easyJet Basel/Mulhouse
59%
Iberia Dubrovnik
59%
Iberia Guatemala City
59%
Iberia | Iberia Regional Split
59%
Iberia | Ryanair Catania
58%
Iberia | Iberia Regional | Volotea Faro
58%
Iberia Regional | Ryanair Bologna
57%
Iberia | Volotea Genoa
57%
Air Europa | Iberia | Iberia Regional A Coruña
56%
Air Europa Asunción
56%
Aeroméxico Monterrey
56%
Iberia Express | Iberia Regional | Volotea Nantes
56%
Iberia Regional Granada
55%
Iberia Ljubljana
55%
Iberia Regional | Ryanair Malta
55%
Ryanair Fes
54%
Air Arabia Maroc | Iberia Regional | Royal Air Maroc | Ryanair Tangier
54%
Iberia Bergen
53%
American Airlines Charlotte
53%
SkyUp | Ukraine International Airlines | Wizz Air Lviv
53%
Iberia San Salvador
53%
Air Europa | Iberia | Iberia Regional Vigo
53%
Avianca | Iberia | Plus Ultra Líneas Aéreas Cali
51%
Air Europa Córdoba
51%
Air Europa | Iberia Express | Ryanair Lanzarote
51%
United Airlines Newark
51%
Ryanair Cagliari
49%
Iberia Dakar
49%
Iberia Regional Strasbourg
49%
easyJet | Ryanair Bristol
48%
Iberia Regional Funchal
47%
Air Europa | Iberia | Plus Ultra Líneas Aéreas Guayaquil
47%
Ryanair Pisa
47%
Iberia San Juan
47%
Iberia Express | Ryanair Fuerteventura
46%
Iberia Express Heraklion
46%
Transavia France Montpellier
46%
Iberia | Iberia Regional San Sebastián
46%
Air Europa | Boliviana de Aviación Santa Cruz de La Sierra-Viru Viru
44%
Iberia | Iberia Regional Santander
44%
Air Europa | Iberojet | Wamos Air | World2fly Punta Cana
43%
Blue Air | Wizz Air Cluj-Napoca
42%
Iberia Corfu
42%
Iberia Regional Verona
42%
Iberia Regional Almeria
41%
Iberia Express Santorini
40%
Ryanair Agadir
38%
Air Europa Recife
37%
Ryanair Eindhoven
36%
Iberia | Iberia Regional Jerez de La Frontera
36%
Iberia Express Mykonos
36%
Iberia Regional Pamplona
36%
Iberia Regional Melilla
33%
Ryanair Bergamo
32%
Iberia Express La Palma
32%
Air Europa Salvador
32%
Iberia | Iberia Regional Asturias
30%
Air Europa Fortaleza
30%
Ceiba Intercontinental Airlines Malabo
30%
Wizz Air Timișoara
29%
Iberia Olbia
28%
Iberia Ponta Delgada
28%
Ryanair Billund
27%
Iberia Regional Badajoz
26%
Wizz Air Iași
26%
Iberia Regional Andorra
24%
Ryanair Brindisi
24%
Ryanair Charleroi
24%
Air Europa | Ryanair | Volotea Alghero
21%
Air Europa San Pedro Sula
21%
Boliviana de Aviación Cochabamba
20%
Volotea Bastia
18%
Iberia Regional Biarritz
18%
Ryanair Kaunas
17%
Iberia Malé
16%
Wamos Air Varadero
16%
Ryanair Beauvais
15%
Wizz Air Sibiu
13%
Blue Air Bacău
11%
Wizz Air Craiova
11%
Ryanair Tétouan
11%
Iberojet Port Louis
5%
No matching quizzes found
Score Distribution
Percent of People with Each Score
Percentile by Number Answered
Your Score History
You have not taken this quiz since the last reset